| 000 | 01055nam0a22002891 4500 | ||
|---|---|---|---|
| 001 | rc\4684597 | ||
| 005 | 20250612152600.0 | ||
| 021 |
_aRU _b[64-61364] |
||
| 035 | _a(NLR Aleph) 008709982 | ||
| 090 |
_a9352086 _c9352086 |
||
| 100 | _a20130416d1964 |||y0rusy50 ca | ||
| 101 | 0 | _arus | |
| 102 | _aRU | ||
| 105 | _aa z ||||| | ||
| 200 | 1 | _aТехника безопасности при судокорпусных и судоподъемных работах | |
| 210 |
_aМосква _cТранспорт _d1964 |
||
| 215 |
_a109 с. _cил. _d21 |
||
| 320 | _aБиблиогр. в конце книги | ||
| 606 |
_aСудоподъем _xТехника безопасности _2psbo |
||
| 606 |
_aСудокорпусные работы _xТехника безопасности _2psbo |
||
| 700 | 1 |
_aПорхунов _bВ.А. _gВиктор Алексеевич |
|
| 701 | 1 |
_aЧертков _bХ.А. _gХаим Айзикович |
|
| 801 | 0 |
_aRU _bNLR _gpsbo |
|
| 801 | 1 |
_aRU _bELAR _2rusmarc |
|
| 852 |
_aNLR _j64-5/4001 |
||
| 942 | _cBOOK | ||
| 980 | _aNB | ||